Country trivia - Statistics

General Stats
  • This quiz has been taken 20 times
  • The average score is 5 of 8
Answer Stats
Question Answer % Correct
Which country's capital is Kingston? Jamaica
100%
How many borders Brazil has? 10
80%
How many countries have there in Borneo island? 3
80%
Which country has never colonized? Ethiopia
60%
How many islands does Indonesia has? 17,000
40%
Which country has longest coastline? Canada
40%
What is the longest highway in the world? Pan American
40%
What country does Jeju Island belong to? South Korea
40%
No matching quizzes found
Score Distribution
Percent of People with Each Score
Percentile by Number Answered
Your Score History
You have not taken this quiz